| 000 | 00628nam a22002177a 4500 | ||
|---|---|---|---|
| 999 |
_c14773 _d14773 |
||
| 003 | AR-CdUCM | ||
| 008 | 190424b ||||| |||| 00| 0 spa d | ||
| 020 | _a978-607-735-586-1 | ||
| 040 |
_aMUNICIPALIDAD PROVINCIAL DEL CUSCO _cBIBLIOTECA MUNICIPAL DEL CUSCO |
||
| 082 |
_aPI / 808.06 / _bE76 |
||
| 100 |
_aEscoffier, Michael _933664 |
||
| 245 | _aHola, cartero / | ||
| 260 |
_aMéxico : _bOcéano, _c2012. |
||
| 300 |
_c19 cm. _bIlustrado, |
||
| 650 |
_aTravesía _917917 |
||
| 650 |
_aCartero _933665 |
||
| 650 |
_aInfancia _95236 |
||
| 700 |
_aMaudet, Matthieu _933666 |
||
| 942 |
_2ddc _cLIBROS |
||
| 945 |
_arah _d24/04/2019 |
||